| 000 | 01058 a2200301 4500 | ||
|---|---|---|---|
| 005 | 20250813143926.0 | ||
| 008 | 250813b |||||||| |||| 00| 0 eng d | ||
| 022 | _a2347565X | ||
| 041 | _aEn | ||
| 044 | _aCIV | ||
| 090 | _bDG/A/1646 | ||
| 100 | _aFONDIO, Lassina | ||
| 100 | _aADIKO, Yves Olivier | ||
| 100 | _aSANOKO, Foungnigue Karim | ||
| 110 | _aCentre National de Recherche Agronomique | ||
| 110 | _bCote d'Ivoire | ||
| 242 | _aEtude de l'vĚolution de la composante du rendement de l'anacajou Anacadium occidentale L au niveau de l'arbre dans le nord de la Cote d'Ivoire. | ||
| 245 | _aStudy of the development of cashew anacadium occidentale L yield component at tree level in northert cote d'Ivoire. | ||
| 260 |
_aAnnual Research & Review in Biology _cJuin 2025 |
||
| 302 | _a p.72-81 | ||
| 388 | _a2025-08-13 | ||
| 650 |
_2AGROVOC _gAnacardier |
||
| 650 | _gFloraison | ||
| 650 | _gFructification | ||
| 650 | _gParcelle | ||
| 650 | _2Rendement | ||
| 856 | _uhttps://ftech.byethost7.com/wp-content/uploads/2025/08/DGN1646.pdf | ||
| 999 |
_c5963 _d5963 |
||